|
|
|
|
| LEADER |
02208nam a2200493 i 4500 |
| 001 |
EBC1645301 |
| 003 |
MiAaPQ |
| 005 |
20200520144314.0 |
| 006 |
m o d | |
| 007 |
cr cnu|||||||| |
| 008 |
140317t20142014cauab ob 001 0 eng|d |
| 020 |
|
|
|z 9780520282254
|
| 020 |
|
|
|a 9780520957893
|q (electronic bk.)
|
| 035 |
|
|
|a (MiAaPQ)EBC1645301
|
| 035 |
|
|
|a (Au-PeEL)EBL1645301
|
| 035 |
|
|
|a (CaPaEBR)ebr10843145
|
| 035 |
|
|
|a (CaONFJC)MIL579397
|
| 035 |
|
|
|a (OCoLC)871860637
|
| 040 |
|
|
|a MiAaPQ
|b eng
|e rda
|e pn
|c MiAaPQ
|d MiAaPQ
|
| 043 |
|
|
|a nwdr---
|
| 050 |
|
4 |
|a HF1502
|b .G74 2014
|
| 082 |
0 |
|
|a 330.97293
|2 23
|
| 100 |
1 |
|
|a Gregory, Steven,
|d 1954-
|e author.
|
| 245 |
1 |
4 |
|a The devil behind the mirror :
|b globalization and politics in the Dominican Republic /
|c Steven Gregory ; with a new preface.
|
| 264 |
|
1 |
|a Berkeley :
|b University of California Press,
|c [2014]
|
| 264 |
|
4 |
|c 2014
|
| 300 |
|
|
|a 1 online resource (310 pages)
|
| 300 |
|
|
|a xii, 285 pages :
|b illustrations, map ;
|
| 336 |
|
|
|a text
|2 rdacontent
|
| 337 |
|
|
|a computer
|2 rdamedia
|
| 338 |
|
|
|a online resource
|2 rdacarrier
|
| 504 |
|
|
|a Includes bibliographical references and index.
|
| 505 |
0 |
|
|a The politics of livelihood -- The spatial economy of difference -- Structures of the imagination -- Sex, tourism and the political economy of masculinity -- Race, identity, and the body politic -- The politics of transnational capital.
|
| 588 |
|
|
|a Description based on online resource; title from PDF title page (ebrary, viewed March 17, 2014).
|
| 590 |
|
|
|a Electronic reproduction. Ann Arbor, MI : ProQuest, 2015. Available via World Wide Web. Access may be limited to ProQuest affiliated libraries.
|
| 650 |
|
0 |
|a Globalization
|z Dominican Republic.
|
| 650 |
|
0 |
|a Globalization
|x Political aspects
|z Dominican Republic.
|
| 650 |
|
0 |
|a Tourism
|z Dominican Republic.
|
| 651 |
|
0 |
|a Dominican Republic
|x Foreign economic relations.
|
| 651 |
|
0 |
|a Dominican Republic
|x Economic conditions
|y 1961-
|
| 651 |
|
0 |
|a Dominican Republic
|x Social conditions
|y 1961-
|
| 655 |
|
4 |
|a Electronic books.
|
| 797 |
2 |
|
|a ProQuest (Firm)
|
| 856 |
4 |
0 |
|u https://ebookcentral.proquest.com/lib/matrademy/detail.action?docID=1645301
|z Click to View
|